000 00662nam a2200229Ia 4500
001 9627
003 GE_BSU
008 181216s||||||||xx |||||||||||||| ||und||
040 _cGE_BSU
080 _a821.353.1-31
100 _aმრელაშვილი,ლადო
245 _aყაბახი
245 _bრომანი
245 _cრედ:დ.შენგელია;მხატვ:გ.გორდელაძე
260 _aთბილისი.
260 _bნაკადული.
260 _c1964
300 _a544გვ;22სმ.ილ
653 _aრომანი
653 _aყაბახი
942 _cBK
999 _c42911
_d42911